000 00444nam a22001697a 4500
003 SGT
020 _a9789352500475
082 _a610.7368
_bG23S
100 _aSREEVANI, R.
245 _aA GUIDE TO MENTAL HEALTH AND PSYCHIATRIC NURSING
250 _a4TH
260 _aINDIA
_bJAYPEE PUB
_c2023
300 _a491
650 _aMENTAL HEALTH NURSING
653 _aA GUIDE TO MENTAL HEALTH AND PSYCHIATRIC NURSING
942 _2ddc
_cBK
_0142
999 _c24921
_d24921